000
00332nam a22001457a 4500
008
210602b ||||| |||| 00| 0 eng d
020
_a
0803927428
041
_a
eng
080
_a
610.73
082
_a
610.73
100
_a
1
101
_a
INF
245
_a
Advanced Design in Nursing Research
_c
Pamela J. Brink
942
_2
udc
_c
BK
999
_c
57893
_d
57893